000 00542nam a2200181Ia 4500
003 IN-BaIIA
008 211028s9999 xx 000 0 eng d
040 _cIIA Library
080 _a517.948
_bTIT
100 _aTitchmarsch, E. C.
_912788
245 4 _aThe theory of functions
_cE. C. Titchmarsch
250 _a2nd ed.
260 _aLondon
_bOxford University Press
_c1939
300 _ax, 454p.
500 _aDonated by Mrs. Bappu
650 _aAstronomy and Astrophysics Thesaurus
942 _cBK
999 _c7516
_d7516